Financovanie a poistenie pohľadávok v medzinárodnom obchode diplomová práca

Uložené v:
Podrobná bibliografia
Hlavný autor: Kováč, Samuel
Korporativný autor: Obchodná fakulta EU. Katedra medzinárodného obchodu
Ďalší autori: Pavelka, Ľuboš, 1962-
Médium: Kniha
Jazyk:Slovak
Vydavateľské údaje: Bratislava 2014
Tagy: Pridať tag
Žiadne tagy, Buďte prvý, kto otaguje tento záznam!

MARC

LEADER 00000nbm a2200000 4500
001 0186222
005 20170201095518.2
041 0 |a slo 
044 |a SK 
245 1 0 |a Financovanie a poistenie pohľadávok v medzinárodnom obchode  |b diplomová práca  |c Samuel Kováč ; školiteľ: Ľuboš Pavelka 
264 1 |a Bratislava  |c 2014 
300 |a 66 s. 
100 1 |a Kováč, Samuel 
700 1 |a Pavelka, Ľuboš, 1962- 
710 2 |a Obchodná fakulta EU. Katedra medzinárodného obchodu